000
00316nam a2200145Ia 4500
003
OSt
008
191201s2019 xx 000 0 und d
082
_a
658.15
_b
BEF
100
_a
BERK,Jonathan
245
0
_a
Financial Management
260
_a
New Delhi
_b
Pearson
300
_a
595
650
_a
MBA
942
_2
ddc
_c
BK
999
_c
5372
_d
5372